00378nam a2200145Ia 4500003000500000008004100005020001800046040001900064082000700083100002200090245005700112260004300169300000800212546001200220STCL181203s9999 xx 000 0 und d a9788173815171 aSTCLbENcSTCL 222 aBiswas, Suddhendu 0aStochastic Processes in Demography and Applications bNew Central Book AgencyaKolkatac2006 a276 aEnglish